Wilhelm Buschs grotesker Humor /

Bibliographic Details
Main Author: Kayser, Wolfgang, 1906-1960
Format: Book
Language:German
Published: Gottingen : Vandenhoeck & Ruprecht, [1958]
Series:Vortragsreihe der Niedersächsischen Landesregierung zur Förderung der wissenschaftlichen Forschung in Niedersachsen ; Heft 4.
Subjects:

MARC

Tag First Indicator Second Indicator Subfields
LEADER 00000cam a2200000 a 4500
001 in00000083802
005 20151008054314.0
008 750321s1958 gw af 00010 ger d
035 |a (OCoLC)01228882 
035 |9 AAJ0267AM 
040 |c DLM  |d m.c.  |d TXA  |d UtOrBLW 
049 |a TXAM  |c [1406938] 
090 |a PN6195  |b .K38 
100 1 |a Kayser, Wolfgang,  |d 1906-1960. 
245 1 0 |a Wilhelm Buschs grotesker Humor /  |c Wolfgang Kayser. 
264 1 |a Gottingen :  |b Vandenhoeck & Ruprecht,  |c [1958] 
264 4 |c ©1958 
300 |a 12 pages, 4 unnumbered leaves of plates :  |b illustrations ;  |c 21 cm. 
336 |a text  |b txt  |2 rdacontent 
337 |a unmediated  |b n  |2 rdamedia 
338 |a volume  |b nc  |2 rdacarrier 
490 1 |a Vortragsreihe der Niedersachsischen Landesregierung zur Forderung der wissenschaftlichen Forschung in Niedersachsen ;  |v Heft 4 
600 1 0 |a Busch, Wilhelm,  |d 1832-1908. 
830 0 |a Vortragsreihe der Niedersächsischen Landesregierung zur Förderung der wissenschaftlichen Forschung in Niedersachsen ;  |v Heft 4. 
999 |a MARS 
999 f f |s 8dea1638-e378-3042-b763-acb336c90634  |i dc164225-6fe5-3442-b5e5-57f4decf74dc  |t 0 
952 f f |p ric  |a Texas A&M University  |b Rellis Campus  |c Joint Library Facility  |d Remote Storage  |t 0  |e PN6195 .K38  |h Library of Congress classification  |i unmediated -- volume  |m A14843038515 
998 f f |a PN6195 .K38  |t 0  |l Remote Storage